00345nam a2200133Ia 4500008004100000041000800041082001500049100001500064245003700079250001400116260003900130300003100169365001100200240624s9999 xx 000 0 und d aeng a658.15 GUR aGURUSAMY S aESSENTIALS OF FINANCIAL SERVICES a(2nd ed.) c2010aNew DelhibTata McGraw- Hill axii, : 408 : p. : cm. ; 22 cRSb30